ESPN Top 100 Basketball Recruits - 2024 - Statistics

General Stats
  • This quiz has been taken 16 times
    9 since last reset
  • The average score is 44 of 100
Answer Stats
# Player Current Team % Correct
2 Ace Bailey Utah Jazz
100%
1 Cooper Flagg Dallas Mavericks
100%
4 Dylan Harper San Antonio Spurs
100%
5 Tre Johnson Washington Wizards
100%
8 Derik Queen New Orleans Pelicans
80%
91 Jaxon Johnson Utah Utes
80%
18 Kon Knueppel Charlotte Hornets
80%
75 Larry Johnson McNeese State Cowboys
80%
28 Morez Johnson Jr. Michigan Wolverines
80%
3 V. J. Edgecombe Philadelphia 76ers
80%
19 Carter Bryant San Antonio Spurs
60%
10 Jalil Bethea Alabama Crimson Tide
60%
66 James Brown North Carolina Tar Heels
60%
24 Jase Richardson Orlando Magic
60%
30 Labaron Philon Alabama Crimson Tide
60%
9 Liam McNeeley Charlotte Hornets
60%
68 Mercy Miller Houston Cougars
60%
86 Robert Miller LSU Tigers
60%
23 Robert Wright III BYU Cougars
60%
33 Tahaad Pettiford Auburn Tigers
60%
74 Travis Perry Ole Miss Rebels
60%
27 Trent Perry UCLA Bruins
60%
42 Vyctorius Miller Oklahoma State Cowboys
60%
34 Ahmad Nowell VCU Rams
40%
21 Aiden Sherrell Alabama Crimson Tide
40%
31 Annor Boateng Missouri Tigers
40%
12 Asa Newell Atlanta Hawks
40%
47 Austin Swartz Creighton Bluejays
40%
38 Billy Richmond Arkansas Razorbacks
40%
61 Bishop Boswell Tennessee Volunteers
40%
15 Boogie Fland Florida Gators
40%
20 Bryson Tucker Washington Huskies
40%
37 Cameron Scott South Carolina Gamecocks
40%
89 Cole Certa Notre Dame Fighting Irish
40%
64 Cooper Koch Iowa Hawkeyes
40%
39 Curtis Givens III Memphis Tigers
40%
29 Darren Harris Duke Blue Devils
40%
46 David Castillo Kansas State Wildcats
40%
11 Derrion Reid Oklahoma Sooners
40%
6 Donnie Freeman Syracuse Orange
40%
13 Drake Powell Brooklyn Nets
40%
17 Flory Bidunga Kansas Jayhawks
40%
88 Gicarri Harris Purdue Boilermakers
40%
7 Ian Jackson St. John's Red Storm
40%
58 Isaiah Abraham Georgetown Hoyas
40%
55 Isaiah Elohim Florida Atlantic Owls
40%
14 Isaiah Evans Duke Blue Devils
40%
36 Jackson McAndrew Creighton Bluejays
40%
56 Jacob Cofie USC Trojans
40%
63 Jaeden Mustaf Georgia Tech Yellow Jackets
40%
60 Jahki Howard Utah Utes
40%
72 Jaiden Glover Saint Joseph's Hawks
40%
50 Jalen Shelley Loyola Marymount Lions
40%
44 Jamari Phillips Oregon Ducks
40%
84 Jared Harris Wyoming Cowboys
40%
48 Jason Asemota Boston College Eagles
40%
54 John Bol UCF Knights
40%
41 John Mobley Ohio State Buckeyes
40%
22 Joson Sanon St. John's Red Storm
40%
77 Juke Harris Wake Forest Demon Deacons
40%
73 Justin Pippen California Golden Bears
40%
35 Kanon Catchings Georgia Bulldogs
40%
26 Karter Knox Arkansas Razorbacks
40%
40 Khani Rooths Louisville Cardinals
40%
52 Kur Teng Michigan State Spartans
40%
71 Marcus Allen Miami Hurricanes
40%
92 Matthew Hodge Villanova Wildcats
40%
65 Micah Robinson TCU Horned Frogs
40%
95 Mikey Lewis Saint Mary's Gaels
40%
62 Naas Cunningham UNLV Runnin' Rebels
40%
57 Nasir Mohammed Notre Dame Fighting Irish
40%
76 Nic Codie Texas Longhorns
40%
67 Nojus Indrusaitis Pittsburgh Panthers
40%
25 Patrick Ngongba II Duke Blue Devils
40%
45 Paul McNeil NC State Wolfpack
40%
32 Rakease Passmore Maryland Terrapins
40%
70 Ryan Jones Jr. Liberty Flames
40%
49 Somto Cyril Georgia Bulldogs
40%
53 Thomas Sorber Oklahoma City Thunder
40%
59 Tyler Betsey Syracuse Orange
40%
82 Tyler McKinley Cincinnati Bearcats
40%
43 Zoom Diallo Washington Huskies
40%
51 Amier Ali Mississippi State Bulldogs
20%
85 Andrew Crawford Colorado Buffaloes
20%
94 Brody Kozlowski BYU Cougars
20%
83 Dallas Thomas Clemson Tigers
20%
81 Damarius Owens Marquette Golden Eagles
20%
100 David Punch TCU Horned Frogs
20%
78 Dellquan Warren Mississippi State Bulldogs
20%
98 Elijah Crawford BYU Cougars
20%
93 Emmanuel Stephen UNLV Runnin' Rebels
20%
97 Eric Freeny UCLA Bruins
20%
16 Jayden Quaintance Kentucky Wildcats
20%
69 Josiah Moseley Texas Tech Red Raiders
20%
79 Kayvaun Mulready Georgetown Hoyas
20%
80 Liam Campbell Saint Mary's Gaels
20%
96 Robert Hinton Harvard Crimson
20%
90 Sammie Yeanay California Golden Bears
20%
87 Zion Sensley UC Santa Barbara Gauchos
20%
99 Jesse McCulloch Michigan State Spartans
0%
No matching quizzes found
Score Distribution
Percent of People with Each Score
Percentile by Number Answered
Your Score History
You have not taken this quiz since the last reset